000 00621nam a2200241Ia 4500
003 OSt
005 20220918182258.0
006 a|||||r|||| 00| 0
007 ta
008 220917b |||||||| |||| 00| 0 eng d
024 _a31,665
037 _cTextual
040 _aARTS
_cARTS
_beng
041 _2eng
_aeng
082 _aO111,6M88x, K0
100 _aEliot T S
245 0 _aSelected essays
260 _aNew York
_bharcourt Brace & world USA
_c1960
300 _axiv,460p.
_ccm.
650 _aENGLISH LITERATURE
942 _hO111,6M88x, K0
_cTEXL
_2CC
999 _c168405
_d168405